000 00292nam a2200109Ia 4500
005 20251223000719.0
008 251222s9999||||xx |||||||||||||| ||spa||
082 _a332.6/B22
245 0 _aManual para la Formulación y Evaluación de Proyectos de Inversión
250 _a1ra.ed.
942 _cLIB
999 _c41595
_d41595